Alabama Counties - Statistics

General Stats
  • This quiz has been taken 22 times
  • The average score is 36 of 67
Answer Stats
Population LPC County Seat Area (sq mi) Answer % Correct
61,311 04 Prattville 594.5 Autauga
79%
268,300 05 Bay Minette 1590 Baldwin
79%
24,224 06 Clayton 884.9 Barbour
79%
22,001 07 Centreville 622.6 Bibb
79%
243,480 63 Tuscaloosa 1,321.7 Tuscaloosa
79%
410,717 02 Mobile 1,229.4 Mobile
71%
222,124 03 Montgomery 784.2 Montgomery
71%
26,313 13 Centre 553.7 Cherokee
64%
11,929 15 Butler (Town) 913.5 Choctaw
64%
13,803 17 Ashland 604 Clay
64%
10,200 22 Rockford 651 Coosa
64%
50,637 26 Ozark 561.2 Dale
64%
15,750 32 Fayette 627.7 Fayette
64%
648,947 01 Birmingham 1,111.3 Jefferson
64%
29,406 49 Hamilton 742.3 Marion
64%
117,281 11 Anniston 606 Calhoun
57%
47,587 14 Clanton 693 Chilton
57%
16,266 18 Heflin 560.1 Cleburne
57%
95,116 25 Cullman 735 Cullman
57%
74,227 28 Fort Payne 777 DeKalb
57%
91,822 29 Wetumpka 618.5 Elmore
57%
36,360 30 Brewton 945.1 Escambia
57%
103,710 31 Gadsden 535 Etowah
57%
27,448 34 Geneva 574.4 Geneva
57%
55,307 39 Scottsboro 1,077.9 Jackson
57%
100,103 41 Florence 667.7 Lauderdale
57%
128,805 44 Athens 560 Limestone
57%
437,693 47 Huntsville 801.6 Madison
57%
18,919 51 Monroeville 1,025.7 Monroe
57%
240,273 59 Columbiana 785 Shelby
57%
81,778 61 Talladega 736.8 Talladega
57%
40,242 62 Dadeville 716.5 Tallapoosa
57%
14,901 65 Chatom 1,080.2 Washington
57%
60,476 08 Oneonta 644.8 Blount
50%
9,326 09 Union Springs 622.8 Bullock
50%
34,035 12 Lafayette 596.5 Chambers
50%
57,104 19 Elba/Enterprise 679 Coffee
50%
59,620 20 Tuscumbia 592.6 Colbert
50%
11,011 21 Evergreen 850.2 Conecuh
50%
13,189 24 Luverne 608.9 Crenshaw
50%
7,044 35 Eutaw 647.1 Greene
50%
15,399 36 Greensboro 643.9 Hale
50%
18,658 37 Abbeville 561.7 Henry
50%
109,085 38 Dothan 579.9 Houston
50%
190,190 43 Opelika 607.5 Lee
50%
9,403 45 Hayneville 716 Lowndes
50%
18,010 46 Tuskegee 608.9 Macon
50%
59,000 57 Phenix City 641.1 Russell
50%
11,227 60 Livingston 904 Sumter
50%
65,185 64 Jasper 791.2 Walker
50%
21,691 16 Grove Hill 1238.4 Clarke
43%
38,707 23 Andalusia 1,030.5 Covington
43%
35,383 27 Selma 978.7 Dallas
43%
32,027 33 Russellville 633.8 Franklin
43%
13,550 40 Vernon 604.9 Lamar
43%
34,030 42 Moulton 690.7 Lawrence
43%
18,336 48 Linden 976.9 Marengo
43%
105,618 50 Guntersville* 565.8 Marshall
43%
129,090 52 Decatur 579.3 Morgan
43%
7,229 53 Marion (town) 719.7 Perry
43%
18,504 54 Carrollton 881.4 Pickens
43%
33,400 55 Troy 672.1 Pike
43%
23,611 56 Wedowee 580.6 Randolph
43%
99,144 58 Asheville/Pell City 632 St Clair
43%
17,760 10 Greenville 776.8 Butler
36%
9,502 66 Camden 880.5 Wilcox
36%
23,729 67 Double Springs 613 Winston
36%
No matching quizzes found
Score Distribution
Percent of People with Each Score
Percentile by Number Answered
Your Score History
You have not taken this quiz